000 04537nam a22002417a 4500
003 GR-AtMCL
005 20260128112931.0
006 a|||||r|||||||||||
008 240214s2023||||gr |||||||||||||||||gre|
020 _a9789605055981
040 _aGR-AtMCL
_bgre
_dGR-AtMCL
100 _aΜαρής, Γιάννης
_910306
245 1 0 _aΔιακοπὲς στὴ Μύκονο /
_cΓιάννης Μαρής ; εἰσαγωγὴ Ἀνδρέας Ἀποστολίδης
264 1 _aἈθήνα :
_bἘκδόσεις Ἄγρα,
_c2023
300 _a265 σ. :
_bπρτρ ;
_c17 εκ.
520 _aΜέσα στην καμπίνα της Α' θέσεως διάβασε το τηλεγράφημα για δέκατη φορά. «Ο Αυγουστίδης θα βρίσκεται στην Αθήνα στο τέλος του μηνός. Φρόντισε ως τότε να τα 'χεις τακτοποιήσει όλα». Δίπλωσε το τηλεγράφημα και χαμογέλασε πικρά, «Φρόντισε ως τότε να τα 'χεις τακτοποιήσει όλα». Σαν να ήταν δυνατό να τακτοποιήσει πια τίποτε, εκεί που είχαν φτάσει τα πράγματα. Με το τσιγάρο στο στόμα άνοιξε τη βαλίτσα του. Νευρικά το χέρι του έψαξε ανάμεσα στα ρούχα. Βρήκε αυτό που ήθελε. Ένα κομψό αυτόματο «Μπράουνινγκ» των εφτά. Χαμογέλασε με πίκρα. «Φρόντισε να τα 'χεις τακτοποιήσει όλα ως τότε...» Κοίταζε το πιστόλι. Έμοιαζε σαν ένα κομψό παιχνίδι από έβενο, μέσα στο μεγάλο, δυνατό χέρι του. Το ξανάβαλε στη βαλίτσα του και το σκέπασε πάλι με τα ρούχα. Η πόρτα χτύπησε. "Οι διακοπές στη Μύκονο" ανήκουν στη χρυσή χρονιά του Γιάννη Μαρή, το 1956. Αφήγηση σε τρίτο πρόσωπο. Καλοκαίρι, Αύγουστος, Μύκονος. Ο πρωταγωνιστής φλερτάρει με τον τίτλο του ζιγκολό κα'ι τιμωρείται επειδή δεν τηρεί τις αρχές του μέχρι τέλους, καθώς ερωτεύεται μια εικοσάχρονη, τη Λία Καραπάνου. «Μια κοπέλα με κοντά μαλλιά και παράξενα γκριζοπράσινα μάτια διάβαζε ένα περιοδικό μόδας δίπλα του. Μια στιγμή -τυχαία ή επίτηδες- το περιοδικό γλίστρησε από τα χέρια της. Εκείνος έσκυψε, το πήρε και της το έδωσε. Του χαμογέλασε με μια σειρά θαυμάσια άσπρα δόντια σε ένα πολύ Ηλιοψημένο πρόσωπο». Φλερτάρουν και κάνουν παρέα καθημερινά στις παραλίες. «Ήταν ευτυχισμένη να βρίσκεται δίπλα σε αυτόν τον όμορφο, δυνατό άντρα, κάτω από τον χρυσό ήλιο. [...] Ήταν αυτό που δεν έπρεπε να τού τύχει. Και του έτυχε. Η Λία ήταν ερωτευμένη μαζί του κι αυτός τώρα το ήξερε πως την αγαπούσε. [...] Ήταν γεμάτος απόγνωση και ταυτόχρονα ευτυχία. "Μια ευτυχία με προθεσμία", σκέφθηκε και χαμογέλασε με πίκρα». Είναι το μοναδικό μυθιστόρημα του Μαρή στο ύφος του αμερικάνικου νουάρ, που θυμίζει το "Τέλος της διαδρομής" του W.R. Burnett (Άγρα, 1993). Οι "Διακοπές στη Μύκονο" είναι μέσα στα καλύτερα βιβλία του Μαρή και το μόνο με στοιχεία μαύρου αστυνομικού μυθιστορήματος.
653 _aΛογοτεχνία
655 7 _aΑστυνομικές ιστορίες και ιστορίες μυστηρίου
_2nlggf
_9346756
655 7 _aΜυθιστόρημα
_0urn:nbn:gr:nlg:01-A329129
_2nlggf
_9346780
700 _aΑποστολίδης, Ανδρέας
_910307
942 _cBK
999 _c10087
_d10087